<?xml version="1.0" encoding="UTF-8"?>
<record
    xmlns:xsi="http://www.w3.org/2001/XMLSchema-instance"
    xsi:schemaLocation="http://www.loc.gov/MARC21/slim http://www.loc.gov/standards/marcxml/schema/MARC21slim.xsd"
    xmlns="http://www.loc.gov/MARC21/slim">

  <leader>01256nam1a22002531i 4500</leader>
  <controlfield tag="001">rc\4932289</controlfield>
  <controlfield tag="005">20240724143120.0</controlfield>
  <datafield tag="035" ind1=" " ind2=" ">
    <subfield code="a">(NLR Aleph) 008846885</subfield>
  </datafield>
  <datafield tag="090" ind1=" " ind2=" ">
    <subfield code="a">8376510</subfield>
    <subfield code="c">8376510</subfield>
  </datafield>
  <datafield tag="100" ind1=" " ind2=" ">
    <subfield code="a">20130426d1963    |||y0rusy50      ca</subfield>
  </datafield>
  <datafield tag="101" ind1="0" ind2=" ">
    <subfield code="a">rus</subfield>
  </datafield>
  <datafield tag="102" ind1=" " ind2=" ">
    <subfield code="a">RU</subfield>
  </datafield>
  <datafield tag="105" ind1=" " ind2=" ">
    <subfield code="a">    z   |||||</subfield>
  </datafield>
  <datafield tag="200" ind1="1" ind2=" ">
    <subfield code="a">&#x420;&#x435;&#x43C;&#x43E;&#x43D;&#x442; &#x442;&#x443;&#x440;&#x431;&#x43E;&#x440;&#x435;&#x430;&#x43A;&#x442;&#x438;&#x432;&#x43D;&#x43E;&#x433;&#x43E; &#x434;&#x432;&#x438;&#x433;&#x430;&#x442;&#x435;&#x43B;&#x44F;</subfield>
    <subfield code="e">&#x41A;&#x43D;. 3-</subfield>
  </datafield>
  <datafield tag="210" ind1=" " ind2=" ">
    <subfield code="a">&#x41C;&#x43E;&#x441;&#x43A;&#x432;&#x430;</subfield>
    <subfield code="c">&#x41E;&#x431;&#x43E;&#x440;&#x43E;&#x43D;&#x433;&#x438;&#x437;</subfield>
    <subfield code="d">1963</subfield>
  </datafield>
  <datafield tag="215" ind1=" " ind2=" ">
    <subfield code="d">27</subfield>
  </datafield>
  <datafield tag="300" ind1=" " ind2=" ">
    <subfield code="a">&#x418;&#x437;&#x434;-&#x432;&#x43E;: &#x41A;&#x43D;. 3, 6 - "&#x41C;&#x430;&#x448;&#x438;&#x43D;&#x43E;&#x441;&#x442;&#x440;&#x43E;&#x435;&#x43D;&#x438;&#x435;"</subfield>
  </datafield>
  <datafield tag="311" ind1=" " ind2=" ">
    <subfield code="a">&#x41F;&#x440;&#x438;&#x43B;.: &#x422;&#x435;&#x445;&#x43D;&#x43E;&#x43B;&#x43E;&#x433;&#x438;&#x447;&#x435;&#x441;&#x43A;&#x43E;&#x435; &#x434;&#x43E;&#x43F;&#x43E;&#x43B;&#x43D;&#x435;&#x43D;&#x438;&#x435; &#x2116; 1/[&#x421;&#x43E;&#x441;&#x442;. &#x41D;.&#x413;. &#x410;&#x441;&#x442;&#x430;&#x444;&#x443;&#x440;&#x43E;&#x432;, &#x410;.&#x41F;. &#x418;&#x43B;&#x44C;&#x438;&#x43D;, &#x418;.&#x41F;. &#x411;&#x430;&#x437;&#x430;&#x43D;&#x43E;&#x432;] [&#x438; &#x434;&#x440;.]., 1964</subfield>
  </datafield>
  <datafield tag="333" ind1=" " ind2=" ">
    <subfield code="a">&#x41F;&#x440;&#x43E;&#x434;&#x430;&#x436;&#x435; &#x43D;&#x435; &#x43F;&#x43E;&#x434;&#x43B;&#x435;&#x436;&#x438;&#x442;</subfield>
  </datafield>
  <datafield tag="421" ind1=" " ind2="0">
    <subfield code="1">1010#$arus</subfield>
    <subfield code="1">2001#$a&#x422;&#x435;&#x445;&#x43D;&#x43E;&#x43B;&#x43E;&#x433;&#x438;&#x447;&#x435;&#x441;&#x43A;&#x43E;&#x435; &#x434;&#x43E;&#x43F;&#x43E;&#x43B;&#x43D;&#x435;&#x43D;&#x438;&#x435; &#x2116; 1$f[&#x421;&#x43E;&#x441;&#x442;. &#x41D;.&#x413;. &#x410;&#x441;&#x442;&#x430;&#x444;&#x443;&#x440;&#x43E;&#x432;, &#x410;.&#x41F;. &#x418;&#x43B;&#x44C;&#x438;&#x43D;, &#x418;.&#x41F;. &#x411;&#x430;&#x437;&#x430;&#x43D;&#x43E;&#x432;] [&#x438; &#x434;&#x440;.]</subfield>
    <subfield code="1">210##$d1964</subfield>
    <subfield code="1">215##$a161 &#x441;.$c&#x447;&#x435;&#x440;&#x442;.</subfield>
    <subfield code="1">702#1$a&#x410;&#x441;&#x442;&#x430;&#x444;&#x443;&#x440;&#x43E;&#x432;$b&#x41D;.&#x413;.$4220</subfield>
    <subfield code="1">702#1$a&#x418;&#x43B;&#x44C;&#x438;&#x43D;$b&#x410;.&#x41F;.$4220</subfield>
    <subfield code="1">702#1$a&#x411;&#x430;&#x437;&#x430;&#x43D;&#x43E;&#x432;$b&#x418;.&#x41F;.$4220</subfield>
    <subfield code="t">&#x422;&#x435;&#x445;&#x43D;&#x43E;&#x43B;&#x43E;&#x433;&#x438;&#x447;&#x435;&#x441;&#x43A;&#x43E;&#x435; &#x434;&#x43E;&#x43F;&#x43E;&#x43B;&#x43D;&#x435;&#x43D;&#x438;&#x435; &#x2116; 1</subfield>
  </datafield>
  <datafield tag="801" ind1=" " ind2="0">
    <subfield code="a">RU</subfield>
    <subfield code="b">NLR</subfield>
    <subfield code="g">psbo</subfield>
  </datafield>
  <datafield tag="801" ind1=" " ind2="1">
    <subfield code="a">RU</subfield>
    <subfield code="b">ELAR</subfield>
    <subfield code="2">rusmarc</subfield>
  </datafield>
  <datafield tag="852" ind1=" " ind2=" ">
    <subfield code="a">NLR</subfield>
    <subfield code="j">63-7/2548</subfield>
  </datafield>
  <datafield tag="942" ind1=" " ind2=" ">
    <subfield code="c">BOOK</subfield>
  </datafield>
</record>
